00644nai a2200169Ia 4500003000900000008004100009022002200050022002300072040001600095245004800111260008600159310001400245362002900259521006900288650002900357856008800386IN-BaIIA211028c9999 xx s 000 0 eng d a0740-7475 (Print) a1558-1918 (Online) cIIA Library 0aIEEE Design & Test of Computersh[eJournal] aNew York, USAbThe Institute of Electrical and Electronics Engineers, Inc. (IEEE) aBimonthly a1(1); 1984 - 29(6); 2012 bSubscribed through National Knowledge Resource Consortium (NKRC) aComputing and Processing uhttps://ieeexplore.ieee.org/servlet/opac?punumber=54yClick Here to Access eJournal